Joseph Pulitzer and his World /

Bibliographic Details
Main Author: Barrett, James Wyman, 1885-
Format: Book
Language:English
Published: New York : The Vanguard press, [1941]
Subjects:

MARC

Tag First Indicator Second Indicator Subfields
LEADER 00000cam a2200000 4500
001 in00000179913
005 20151008082853.0
008 740606s1941 nyuacfh 00010beng d
010 |a  41021082  
035 |a (OCoLC)00910058 
035 |9 AAT6466AM 
040 |c KSU  |d TXA  |d UtOrBLW 
049 |a TXAM  |c 1 [138623]  |c 2 [253854] 
050 0 |a PN4874.P8  |b B3 
082 0 |a 920.5 
100 1 |a Barrett, James Wyman,  |d 1885- 
245 1 0 |a Joseph Pulitzer and his World /  |c by James Wyman Barrett. 
264 1 |a New York :  |b The Vanguard press,  |c [1941] 
264 4 |c [©1941] 
300 |a xvi, 3-449 pages :  |b frontispiece, illustrations (facsimiles) plates, portraits ;  |c 25 cm. 
336 |a text  |b txt  |2 rdacontent 
337 |a unmediated  |b n  |2 rdamedia 
338 |a volume  |b nc  |2 rdacarrier 
630 0 0 |a World (New York, N.Y. : 1860-1931) 
600 1 0 |a Pulitzer, Joseph,  |d 1847-1911. 
999 |a MARS 
999 f f |s 50c382f0-a4cb-316f-b627-be24f1e719bb  |i c8e63d92-8444-3379-ae60-f56e7478f905  |t 0 
952 f f |p normal  |a Texas A&M University  |b College Station  |c Sterling C. Evans Library  |s Evans stk  |d Evans: Library Stacks  |t 0  |e PN4874.P8 B3  |h Library of Congress classification  |i unmediated -- volume  |m A14803728183 
998 f f |a PN4874.P8 B3  |t 0  |l Evans: Library Stacks